Velázquez y el espíritu de la modernidad
সংরক্ষণ করুন:
| প্রধান লেখক: | |
|---|---|
| বিন্যাস: | গ্রন্থ |
| ভাষা: | স্প্যানিশ |
| প্রকাশিত: |
Madrid
Guadarrama
1960
|
| মালা: | Colección Guadarrama de Crítica y Ensayo, 25
|
| বিষয়গুলি: | |
| ট্যাগগুলো: |
ট্যাগ যুক্ত করুন
কোনো ট্যাগ নেই, প্রথমজন হিসাবে ট্যাগ করুন!
|
MARC
| LEADER | 00000nam a2200000 a 4500 | ||
|---|---|---|---|
| 001 | UCT5125 | ||
| 003 | CL-VaPUC | ||
| 008 | 961129e19600000SP |||||||||||||||||spa|d | ||
| 082 | 0 | 4 | |a 759.03 |b MAR |2 21 |
| 100 | |a Maravall, José Antonio |e autor |9 527688 | ||
| 245 | 1 | 0 | |a Velázquez y el espíritu de la modernidad |
| 300 | |a 250 p | ||
| 942 | |c BK | ||
| 945 | |d 19961129 00:00:00 |a nastorga | ||
| 260 | |a Madrid |b Guadarrama |c 1960 | ||
| 600 | 0 | 7 | |a VELAZQUEZ, DIEGO DE |2 CL-VaPUC |9 269210 |
| 650 | 0 | |a Renacimiento |9 255107 | |
| 650 | 0 | |a Historia |9 255047 | |
| 650 | 0 | |a Pintura renacentista |9 266314 | |
| 650 | 0 | |a Pintura barroca |9 266157 | |
| 650 | 0 | |a Naturaleza |9 269656 | |
| 650 | 0 | |a Retratos |9 313437 | |
| 650 | 0 | |a Dibujos |9 264123 | |
| 650 | 0 | |a Belleza |9 265712 | |
| 650 | 0 | |a Modernismo |9 267987 | |
| 583 | |a last modification |c 19961129 00:00:00 |k Rodrigo Vera | ||
| 490 | 0 | |a Colección Guadarrama de Crítica y Ensayo, 25 | |
| 999 | |c 254142 |d 254140 | ||
| 952 | |0 0 |1 0 |4 0 |6 759_030000000000000_MAR_1960 |7 0 |8 P |9 275590 |a BIBEDU |b BIBEDU |c BIBEDU_PB |d 2019-11-19 |i 3254275 |o 759.03 MAR 1960 |p 3254275 |r 2024-01-25 |w 2019-11-19 |y BK |k LIT | ||
| 952 | |0 0 |1 0 |4 0 |6 759_030000000000000_MAR_1960 |7 0 |8 P |9 275591 |a BIBEDU |b BIBEDU |c BIBEDU_PB |d 2019-11-19 |i 474019K |o 759.03 MAR 1960 |p 474019K |r 2024-01-25 |w 2019-11-19 |y BK |k FIL | ||